| 000 | 00532nam a2200193 a 4500 | ||
|---|---|---|---|
| 001 | 000041460 | ||
| 005 | 20201002034917.0 | ||
| 008 | 110923s1973 mx ab 000 0 spa d | ||
| 040 |
_aDO-SdBNP _bspa _cBNPHU |
||
| 100 | 1 |
_aBrom, Juan _959527 |
|
| 245 | 1 | 0 |
_aEsbozo de historia universal / _cJuan Brom. |
| 250 | _a17a ed. | ||
| 260 |
_aMéxico : _bGrijalbo, _c1973. |
||
| 300 |
_a276 p. ; _c21 cm. |
||
| 490 | 1 | _aTratados y manuales | |
| 504 | _aBibliografĂa : p.263-276 | ||
| 830 | 0 |
_aTratados y manuales _959528 |
|
| 049 | _aBNPD | ||
| 999 |
_c40950 _d40950 |
||